Представление документа в формате MARC21

ПолеНазваниеЗначение
  Тип записи a
  Библиографический уровень m
001 Контрольный номер RU\infra-m\znanium\bibl\2143173
005 Дата корректировки 20260429142331.9
008 Кодируемые данные 260116s2026 RU g rus u
020 Индекс ISBN __
a ISBN 978-5-369-01340-3
020 Индекс ISBN __
a ISBN 978-5-16-101824-8 (электр. издание)
020 Индекс ISBN __
a ISBN 978-5-16-010096-8 (ISBN соиздателя)
040 Источник каталогиз. __
a Служба первич. каталог. Общество с ограниченной ответственностью «ЗНАНИУМ»
041 Код языка издания __
a Код языка текста rus
044 Код страны публикации __
a Код страны публикации RU
080 Индекс УДК __
a Индекс УДК 82-343.4(=161.1)
084 Индекс другой классификации/Индекс ББК __
2 Источник индекса rubbk
a Индекс другой классификации/Индекс ББК 82.3(2)
084 Индекс другой классификации/Индекс ББК __
2 Источник индекса okso
a Индекс другой классификации/Индекс ББК 45.03.01
084 Индекс другой классификации/Индекс ББК __
2 Источник индекса okso
a Индекс другой классификации/Индекс ББК 45.04.01
084 Индекс другой классификации/Индекс ББК __
2 Источник индекса okso
a Индекс другой классификации/Индекс ББК 46.03.01
084 Индекс другой классификации/Индекс ББК __
2 Источник индекса okso
a Индекс другой классификации/Индекс ББК 46.04.01
100 Автор __
a Автор Гагаев П.А.
q Полное имя Гагаев Павел Александрович
u Дополнение Пензенский государственный университет
245 Заглавие __
a Заглавие Русская цивилизация и фольклор. Мир сказки
b Продолж. заглавия Монография
c Ответственность Пензенский государственный университет; Мордовский Государственный Педагогический Университет имени М. Е. Евсевьева
250 Сведения об издании __
a Основные сведения об издании 1
260 Выходные данные __
a Место издания Москва
b Издательство Издательский Центр РИОР
c Дата издания 2026
300 Физическое описание __
a Объем 202 с.
440 Серия __
a Серия Научная мысль
520 Аннотация __
a Аннотация В книге на основе субстратной рефлексии исследуется русская народная сказка. Предметом осмысления становится ее философия филология педагогика. Сказка описывается как форма народного мифопоэтического сознания русского человека. Издание адресовано специалистам и студентам изучающим курс отечественной филологии а также всем интересующимся историей России и ролью сказки в ее судьбе.
521 Примеч. о цел. назн. __
a Примеч. о целев. назн. Дополнительное профессиональное образование
650 Тематические рубрики __
a Основная рубрика Филологические науки
x Основная подрубрика Литературоведение. Фольклористика
655 Указ. предметных рубрик (устаревшее) __
a Жанр/ форма (устаревшее) Монография
856 Электронный адрес документа 4_
a Имя сервера/домена znanium.ru
m Помощь ebs_support@infra-m.ru
n Местонахождение сервера НИЦ ИНФРА-М
u URL https://znanium.ru/catalog/document?id=476353
856 Электронный адрес документа 48
a Имя сервера/домена znanium.ru
d Путь /cover/2143
f Электронное имя 2143173.jpg
q Тип электронного формата image/jpeg
u URL https://znanium.ru/cover/2143/2143173.jpg
911 __
u 0030=https://znanium.ru/catalog/document?id=476353
911 __
u 712a=Мордовский Государственный Педагогический Университет имени М. Е. Евсевьева